[Event "GER CM02-B email"]
[Site "GER email"]
[Date "2015.06.25"]
[Round "?"]
[White "Ilyasov, Anatoly Fedorovich"]
[Black "Eklund, Lars Goran"]
[Result "1/2-1/2"]
[WhiteElo "2342"]
[BlackElo "2373"]
[PlyCount "60"]
[EventDate "2015.??.??"]
[EventType "tourn (corr)"]
[EventRounds "11"]
[EventCountry "GER"]
[SourceTitle "Corr 2017"]
[Source "ChessBase"]
[SourceDate "2017.09.19"]
[SourceVersion "1"]
[SourceVersionDate "2017.09.19"]
[SourceQuality "1"]

1. e4 c5 2. Nf3 Nc6 3. d4 cxd4 4. Nxd4 Nf6 5. Nc3 e5 6. Ndb5 d6 7. Bg5 a6 8. Na3 b5 9. Nd5 Be7 10. Bxf6 Bxf6 11. c4 b4 12. Nc2 0-0 13. g3 Bg5 14. h4 Bh6 15. Bh3 Be6 16. Qd3 a5 17. Rd1 Ra7 18. Kf1 Nb8 19. Nce3 Bxe3 20. Nxe3 Rd7 21. Kg2 Na6 22. f3 Nc5 23. Qd2 Qc7 24. Bf5 Qa7 25. h5 h6 26. Nd5 Rdd8 27. Qe3 Bxf5 28. exf5 f6 29. Rhe1 Rfe8 30. g4 Qb7 1/2-1/2

[Event "SWE-chT 0809"]
[Site "Sweden"]
[Date "2009.03.13"]
[Round "9"]
[White "Eklund, Lars Goran"]
[Black "Sagit, Rauan"]
[Result "0-1"]
[WhiteElo "2383"]
[BlackElo "2459"]
[PlyCount "60"]
[EventDate "2008.10.25"]
[EventType "team-tourn"]
[EventRounds "11"]
[EventCountry "SWE"]
[SourceTitle "EXT 2011"]
[Source "ChessBase"]
[SourceDate "2010.11.26"]
[SourceVersion "1"]
[SourceVersionDate "2010.11.26"]
[SourceQuality "1"]

1. Nf3 Nf6 2. c4 e6 3. Nc3 Bb4 4. g4 h6 5. Qc2 Nc6 6. Rg1 d5 7. e3 a6 8. a3 Bd6 9. d4 dxc4 10. Bxc4 Qe7 11. Bd2 Bd7 12. h3 e5 13. 0-0-0 0-0-0 14. dxe5 Nxe5 15. Be2 Nc6 16. Bd3 Rhe8 17. Ne2 Ne4 18. Be1 g6 19. Ned4 Nxd4 20. exd4 f5 21. gxf5 Bxf5 22. Kb1 Bf4 23. Ka1 Qf6 24. Ba5 Re6 25. Rge1 Rc6 26. Qa4 Nxf2 27. Bxf5+ Qxf5 28. d5 b5 29. Qd4 Nxd1 30. Qa7 Rc1+ 0-1

[Event "SWE-chT 0809"]
[Site "Sweden"]
[Date "2009.02.07"]
[Round "7"]
[White "Grandelius, Nils"]
[Black "Eklund, Lars Goran"]
[Result "1-0"]
[WhiteElo "2525"]
[BlackElo "2383"]
[PlyCount "63"]
[EventDate "2008.10.25"]
[EventType "team-tourn"]
[EventRounds "11"]
[EventCountry "SWE"]
[SourceTitle "EXT 2011"]
[Source "ChessBase"]
[SourceDate "2010.11.26"]
[SourceVersion "1"]
[SourceVersionDate "2010.11.26"]
[SourceQuality "1"]

1. d4 d5 2. c4 c6 3. Nf3 Nf6 4. e3 e6 5. Nc3 Ne4 6. Bd3 f5 7. Ne5 Qh4 8. g3 Qh3 9. Bf1 Qh6 10. Bg2 Nd7 11. Nxd7 Bxd7 12. 0-0 Be7 13. Qb3 b5 14. cxb5 cxb5 15. Ne2 Qg6 16. f3 Nd6 17. Nf4 Qf6 18. e4 dxe4 19. fxe4 Nxe4 20. Be3 Bd6 21. Bxe4 fxe4 22. d5 Bxf4 23. Rxf4 Qe5 24. Rd1 Rc8 25. Rd4 exd5 26. Rxd5 Qe7 27. Bd4 Be6 28. Qxb5+ Bd7 29. Qe2 Rc1+ 30. Kg2 Bc6 31. Re5 e3+ 32. Rf3 1-0

[Event "SWE-chT 0809"]
[Site "Sweden"]
[Date "2008.12.06"]
[Round "4"]
[White "Andersson, Fredrik1111"]
[Black "Eklund, Lars Goran"]
[Result "0-1"]
[WhiteElo "2308"]
[BlackElo "2383"]
[PlyCount "66"]
[EventDate "2008.10.25"]
[EventType "team-tourn"]
[EventRounds "11"]
[EventCountry "SWE"]
[SourceTitle "EXT 2011"]
[Source "ChessBase"]
[SourceDate "2010.11.26"]
[SourceVersion "1"]
[SourceVersionDate "2010.11.26"]
[SourceQuality "1"]

1. d4 d5 2. Nf3 Nf6 3. c4 c6 4. Qb3 e6 5. Bg5 Be7 6. Nc3 a5 7. e3 0-0 8. Rd1 a4 9. Qc2 a3 10. c5 axb2 11. Qxb2 Qa5 12. Bd3 b6 13. Bxf6 gxf6 14. cxb6 Bb4 15. Rc1 Ba3 16. Qc2 Bxc1 17. Qxc1 Ba6 18. Bb1 Rd8 19. Qc2 Kf8 20. Kd2 Nd7 21. Qxh7 Nxb6 22. Rc1 Nc4+ 23. Ke1 Rab8 24. g4 Na3 25. g5 Rxb1 26. Qh8+ Ke7 27. Qxf6+ Ke8 28. Qh8+ Kd7 29. Ne5+ Kc8 30. Qxd8+ Kxd8 31. Nxc6+ Kd7 32. Nxa5 Rxc1+ 33. Kd2 Rc2+ 0-1

[Event "SWE-chT 0809"]
[Site "Sweden"]
[Date "2008.10.25"]
[Round "1"]
[White "Akbarinia, Sayed Arash"]
[Black "Eklund, Lars Goran"]
[Result "1-0"]
[WhiteElo "2389"]
[BlackElo "2383"]
[PlyCount "78"]
[EventDate "2008.10.25"]
[EventType "team-tourn"]
[EventRounds "11"]
[EventCountry "SWE"]
[SourceTitle "EXT 2011"]
[Source "ChessBase"]
[SourceDate "2010.11.26"]
[SourceVersion "1"]
[SourceVersionDate "2010.11.26"]
[SourceQuality "1"]

1. d4 d5 2. Nf3 Nf6 3. c4 c6 4. Qc2 g6 5. Bf4 Bg7 6. e3 0-0 7. Bd3 Nbd7 8. h3 dxc4 9. Bxc4 Nb6 10. Be2 Bf5 11. Qb3 Be6 12. Qd1 Rc8 13. 0-0 c5 14. dxc5 Rxc5 15. Nd4 Bc4 16. Bh2 Qc8 17. Nd2 Bxe2 18. Qxe2 Qd7 19. N2b3 Rc4 20. Rfd1 Qa4 21. Qf3 Nfd5 22. Rd2 h6 23. Rad1 e5 24. Ne2 e4 25. Qg4 h5 26. Qg3 Rfc8 27. Nbd4 Qxa2 28. Qh4 Qa5 29. Bd6 R4c6 30. Nxc6 bxc6 31. Qxe4 Qa6 32. b3 Qb7 33. Qc2 Qd7 34. Bc5 Qe6 35. Bd4 Bh6 36. Nc3 Nb4 37. Qe4 Qxb3 38. Qe5 Kh7 39. Ne4 Qe6 1-0

[Event "SWE-chT 0708"]
[Site "Sweden"]
[Date "2007.10.21"]
[Round "3"]
[White "Hedman, Erik"]
[Black "Eklund, Lars Goran"]
[Result "1-0"]
[WhiteElo "2442"]
[BlackElo "2358"]
[PlyCount "61"]
[EventDate "2007.10.19"]
[EventType "team"]
[EventRounds "11"]
[EventCountry "SWE"]
[SourceTitle "EXT 2009"]
[Source "ChessBase"]
[SourceDate "2008.11.26"]
[SourceVersion "1"]
[SourceVersionDate "2008.11.26"]
[SourceQuality "1"]
[WhiteTeam "Stockholm Rockaden"]
[BlackTeam "Skara"]
[WhiteTeamCountry "SWE"]
[BlackTeamCountry "SWE"]

1. e4 c5 2. Nf3 Nc6 3. Bb5 e6 4. Nc3 Nge7 5. 0-0 a6 6. Bxc6 Nxc6 7. d4 cxd4 8. Nxd4 Qc7 9. Nxc6 dxc6 10. a4 b6 11. Be3 c5 12. Qg4 f6 13. Rad1 Qf7 14. Rd2 Bb7 15. Bf4 Rc8 16. Rfd1 h5 17. Qe2 e5 18. Be3 Qe6 19. Nd5 Kf7 20. Nxf6 Kxf6 21. Qf3+ Kg6 22. Rd6 Bxd6 23. Rxd6 Qf6 24. Qf5+ Kf7 25. Rxf6+ gxf6 26. Qd7+ Kg6 27. Qxb7 Rb8 28. Qxa6 Rhd8 29. h4 Rd6 30. Kh2 Rbd8 31. b3 1-0